Państwa, które posiadały kolonie - Statystyki

Ogólne statystyki
  • Ten quiz został rozwiązany 392 razy
  • Średni wynik to 12 z 15
Statystyki odpowiedzi
Przykłady kolonii Państwo % Poprawnych
Algieria, Madagaskar, Wietnam Francja
98%
Australia, Indie, Kanada Wielka Brytania
98%
Filipiny, Kolumbia, Sahara Zachodnia Hiszpania
97%
Angola, Brazylia, Mozambik Portugalia
95%
Grenlandia, Islandia Dania
93%
Demokratyczna Republika Konga Belgia
92%
Indonezja, Sri Lanka, Surinam Holandia
92%
Erytrea, Libia, Somali Włochy
92%
Kamerun, Nowa Gwinea, Togoland Niemcy
89%
Alaska, Archipelag Aleksandra Rosja
89%
Filipiny, Kuba Stany Zjednoczone
89%
Korea, Wyspy Marshalla Japonia
88%
Antarktyda, Orkady Norwegia
63%
Nowa (nazwa państwa) Szwecja
43%
Gambia, Tobago Łotwa
30%
Nie znaleziono quizów pasujących do podanych kryteriów
Rozkład punktacji
Procent ludzi z każdym wynikiem
Percentyl według liczby udzielonych odpowiedzi
Twoja historia wyników
Nie rozwiązałeś tego quizu